000 03460cam a22005294a 4500
001 15494840
003 OSt
005 20140310182432.0
008 081021s2010 paua bf 001 0 eng
010 _a 2008045473
016 7 _a101487202
_2DNLM
020 _a9780781797641 (pbk.)
020 _a0781797640 (pbk.)
020 _a9781451151824
020 _a1451151829
035 _a(OCoLC)ocn263295117
040 _aDNLM/DLC
_cDLC
_dNLM
_dC#P
_dYDXCP
_dDLC
042 _apcc
050 0 0 _aRS 122.5
_b.P483 2010
060 0 0 _a2009 C-572
060 1 0 _aQV 735
_bB676 2010
082 0 0 _a615/.1068
245 0 0 _aBoh's pharmacy practice manual :
_ba guide to the clinical experience /
246 3 0 _aPharmacy practice manual
250 _a3rd ed. /
_beditor, Susan M. Stein.
260 _aPhiladelphia :
_bWolters Kluwer Health/Lippincott Williams & Wilkins,
_cc2010.
300 _axiv, 696 p. :
_bill. ;
_c19 cm.
500 _aRev. ed. of: Pharmacy practice manual : a guide to the clinical experience / editor, Larry E. Boh ; consulting editor, Lloyd Y. Young. 2nd ed. 2001.
504 _aIncludes bibliographical references and index.
505 0 _aProfessionalism in pharmacy / Susan M. Stein, William E. Fassett, and Jeffery Fortner -- Professional experiential education : why, how, and what to expect / Joseph K. Bonnarens -- Providing drug information / Brad S. Fujisaki, Kristine B. Marcus, and Kate Farthing -- Physical examination / Kam L. Capoccia -- Interpretation of clinical laboratory test results / Kristina L. Butler -- Diagnostic procedures / Roberta A. Aulie ... [et al.] -- Home test kits and monitoring devices / Ty Vo and Devon Flynn --
505 0 _aDrug administration / Susan M. Stein -- Fluid and electrolyte therapy / Pauline A. Cawley -- Enteral nutrition / Gordon Sacks and Amy Hodgin -- Parenteral nutrition / Gordon Sacks and Amy Hodgin -- A pharmacy calculations anthology / Shelley L. Chambers-Fox and Teresa A. O'Sullivan -- Clinical pharmacokinetics / Molly E. Gates and Sandra B. Earle -- Clinical drug monitoring / Teresa A. O'Sullivan and Ann K. Wittkowsky --
505 0 _aAntibiotics, antivirals, and infection / Jennifer M. Jordan, Devon Flynn, and David T. Bearden -- Pain management / Kenneth C. Jackson II -- Over-the-counter drug therapy and dietary supplements/complementary care / Patricia M. Mossbrucker and Ty Vo -- Patient consultation in the cycle of patient care / Linda Garrelts MacLean -- Preventative health : vaccines and general adult health screening / Kristine B. Marcus ... [et al.] -- Patient safety / Susan M. Stein -- The law and the clinical practice of pharmacy / William E. Fassett.
541 _j1
541 _j2
562 _e2
650 0 _aPharmacy
_xPractice
_vHandbooks, manuals, etc.
_97755
650 0 _aHospital pharmacies
_vHandbooks, manuals, etc.
_97756
650 1 2 _aPharmacy Service, Hospital
_vHandbooks.
_97757
650 2 2 _aClinical Clerkship
_vHandbooks.
_97758
650 2 2 _aPharmacy
_vHandbooks.
_97759
700 1 _aBoh, Larry E.
_97760
700 1 _aStein, Susan M.
_q(Susan Marie),
_d1966-
_97761
730 0 _aPharmacy practice manual.
_97762
906 _a7
_bcbc
_corignew
_d1
_eecip
_f20
_gy-gencatlg
942 _2lcc
_cSSLC
999 _c13376
_d13376